Quiz o Kolejach Mazowieckich - Statystyki

Ogólne statystyki
  • Ten quiz został rozwiązany 5 razy
  • Średni wynik to 7 z 16
Statystyki odpowiedzi
Wskazówka Odpowiedź % Poprawnych
Rok powstania 2004
100%
Siedziba przedsiębiorstwa Warszawa
100%
Koleje Mazowieckie posiadają 71 sztuk tego elektrycznego zespołu trakcyjnego, czyli najwięcej z wszystkich EN57AKM
80%
Lokomotywy w taborze Kolei Mazowieckich EU47
60%
Lokomotywy w taborze Kolei Mazowieckich Pesa Gama
60%
Przedsiębiorstwo z którego wydzieliły się Koleje Mazowieckie Polregio
60%
Dokąd są uruchamiane wakacyjne składy Kolei Mazowieckich pod nazwą "Słoneczny"? Ustka
60%
Obok jakiego dworca się ona znajduję? Warszawa Wschodnia
60%
Typ składów osobowych, gdzie na końcu składu jest umieszczony wagon sterowniczy, aby uniknąć manewrowania lokomotywy, w Polsce stosują go tylko Koleje Mazowieckie Push-pull
40%
Obecne kategorie pociągów Regio
40%
Byli pierwszym w Polsce przewoźnikiem...? Samorządowym
20%
Identyfikator literowy KMKOL
0%
Obecne kategorie pociągów Regional Express
0%
Prezes przedsiębiorstwa Robert Stępień
0%
Przewodniczący rady nadzorczej Waldemar Kuliński
0%
Nazwa relacji Warszawa Wschodnia - Skierniewice (podpowiedź: nazwa linii kolejowej na której w całości jedzie) Wiedenka
0%
Nie znaleziono quizów pasujących do podanych kryteriów
Rozkład punktacji
Procent ludzi z każdym wynikiem
Percentyl według liczby udzielonych odpowiedzi
Twoja historia wyników
Nie rozwiązałeś tego quizu